|
|
|
|
| LEADER |
00916nab#a2200313#ar4500 |
| 001 |
000076487 |
| 003 |
SVKKK |
| 005 |
20050809xxxxxxx. |
| 008 |
06 c xo huno |
| FMT |
|
|
|
| 038 |
|
|
|a SVKKK
|
| 040 |
|
|
|a SVKKK
|b slo
|e AACR2
|
| 041 |
0 |
|
|a hun
|
| 044 |
|
|
|a xo
|c SK
|
| 080 |
|
|
|a 656.12
|
| 242 |
1 |
0 |
|a Doprava spoločným kočom medzi Michalovcami a Užhorodom
|
| 245 |
0 |
0 |
|a Társaskocsi forgalom Nagymihály és Ungvár között
|
| 500 |
|
|
|a Ex/Ro-75
|
| 520 |
2 |
|
|a Zriadi ho povozník Lajos Grosz. Cestovný poriadok vymedzuje cestu jedným smerom za 4 hodiny.
|
| 650 |
0 |
4 |
|a doprava automobilová - Michalovce- Užhorod (trať) - Michalovce - rok 1906 - správy
|
| 773 |
0 |
|
|t Felsö-Zemplén
|g Roč. 11, č. 16 (15.04.1906) s. 2
|
| 957 |
|
|
|a Michalovce
|
| 957 |
|
|
|a Užhorod
|
| 958 |
|
|
|a DG
|
| 958 |
|
|
|a SK
|
| 974 |
|
|
|a zuz
|d 20050809
|
| 992 |
|
|
|a RBX
|
| BAS |
|
|
|
| 998 |
|
|
|a RETRO
|